№ 3; English

Bibliografski detalji
Parent link:English=Английский язык - первое сентября: журнал. № 3.— , за последние два года
Jezik:engleski
Izdano: 2014
Format: Knjiga
KOHA link:https://koha.lib.tpu.ru/cgi-bin/koha/opac-detail.pl?biblionumber=531383

MARC

LEADER 00000nam2a2200000 4500
001 531383
005 20231101112657.0
035 |a (RuTPU)RU\TPU\prd\217641 
090 |a 531383 
100 |a 20140411a20049999m y0engy50 ba 
101 0 |a eng 
102 |a RU 
200 0 |a № 3 
210 |d 2014 
461 1 |0 (RuTPU)RU\TPU\prd\21640  |t English  |l Английский язык - первое сентября  |o журнал  |v № 3  |d за последние два года 
801 0 |a RU  |b 63413507  |c 20010227  |g PSBO 
801 1 |a RU  |b 63413507  |c 20140411 
801 2 |a RU  |b 63413507  |c 20140411  |g RCR 
942 |c BK 
999 |a НТБ_ТПУ  |b ЧЗИЛ  |e -1/20140109  |p П-9486а  |s 4/20130930  |u 0,00  |v 1  |y 13821000676094